KOHA-Header-6

Migrating To Object Technology (Record no. 7193)

000 -LEADER
fixed length control field 00254nam a2200109Ia 4500
100 ## - MAIN ENTRY--AUTHOR NAME
Personal name Ian Graham
245 #0 - TITLE STATEMENT
Title Migrating To Object Technology
260 ## - PUBLICATION, DISTRIBUTION, ETC. (IMPRINT)
Place of publication USA
Name of publisher Addison
Year of publication 1995
300 ## - PHYSICAL DESCRIPTION
Number of Pages 552
942 ## - ADDED ENTRY ELEMENTS (KOHA)
Koha item type Books
Holdings
Withdrawn status Lost status Collection code Permanent Location Current Location Shelving location Date acquired Full call number Accession Number Koha item type
    Computer Science MAJU MAJU   2019-09-12 005.2 924 Computer Science

Powered by Koha